22/23 Bournemouth - Statistics

General Stats
  • This quiz has been taken 5 times
    4 since last reset
  • The average score is 17 of 39
Answer Stats
Hint Answer % Correct
15 Adam Smith
100%
6 Chris Mepham
75%
11 Dango Ouattara
75%
9 Dominic Solanke
75%
Manager Gary O'Neil
75%
32 Jaidon Anthony
75%
8 Jefferson Lerma
75%
25 Marcos Senesi
75%
16 Marcus Tavernier
75%
1 Mark Travers
75%
13 Neto
75%
29 Philip Billing
75%
2 Ryan Fredericks
75%
24 Antoine Semenyo
50%
7 David Brooks
50%
22 Hamed Traoré
50%
17 Jack Stacey
50%
21 Kieffer Moore
50%
4 Lewis Cook
50%
5 Lloyd Kelly
50%
10 Ryan Christie
50%
Manager Scott Parker
50%
12 Darren Randolph
25%
11 Emiliano Marcondes
25%
27 Illya Zabarnyi
25%
18 Jamal Lowe
25%
23 James Hill
25%
14 Joe Rothwell
25%
18 Matías Viña
25%
39 Nathan Moriah-Welsh
25%
35 Owen Bevan
25%
20 Siriki Dembélé
25%
22 Ben Pearson
0%
38 Christian Saydee
0%
26 Gavin Kilkenny
0%
3 Jack Stephens
0%
33 Jordan Zemura
0%
19 Junior Stanislas
0%
40 Will Dennis
0%
No matching quizzes found
Score Distribution
Percent of People with Each Score
Percentile by Number Answered
Your Score History
You have not taken this quiz since the last reset